| 000 | 01482nam a2200253 i 4500 | ||
|---|---|---|---|
| 001 | 168103 | ||
| 003 | ES-MaACL | ||
| 005 | 20250814075248.0 | ||
| 008 | 991022s1884 sp |||| | spa d | ||
| 040 |
_aCCPB | B _bspa _cCCPB | B |
||
| 100 | 1 |
_aZafra, Diego José Rodríguez de Bahamonde Lanz _cMarqués de. _9134009 |
|
| 245 | 1 | 0 |
_aEmigraciones, inmigracion y colonizacion _b: discurso y conclusiones del Marqués de Zafra en el Congreso Español de Geografia Colonial y Mercantil (Sesiones de 9 y 10 de Noviembre de 1883) / _cprecedidos de un prólogo y de un llamamiento patriótico por Diego José Rodríguez de Bahamonde, Lanz, Jaime de Aragón y Palacio, Marqués de Zafra. |
| 260 |
_aMadrid : _b[s.n.], _c1884 ( _fimprenta de Fortanet) |
||
| 300 |
_a44 p. ; _c27 cm. |
||
| 530 | _aDisponible también en sitio web. | ||
| 611 | 2 |
_aCongreso Español de Geografía Colonial y Mercantil _n(1º. _d1883. _cMadrid) _9241770 |
|
| 650 | 0 | 4 |
_aEmigración e inmigración- _zEspaña. _912187 |
| 711 | 2 |
_a _9241769 |
|
| 852 |
_aES-MaACL _jT-781-F-5 _z-- Enc. hol. conservando la cub. original _z-- Enc. en un vol. facticio |
||
| 852 |
_aES-MaACL _jT-508-F-14 _z-- Enc. hol. conservando la cub. original _z-- Dedic. ms. del autor al Ateneo de Madrid _z-- Enc. en un vol. facticio |
||
| 856 |
_uhttp://bibliotecadigitalhispanica.bne.es:80/webclient/DeliveryManager?pid=3041049&custom_att_2=simple_viewer _zIr a la página |
||
| 942 | _2udc | ||
| 999 |
_c168103 _d168103 |
||